| Tag |
First Indicator |
Second Indicator |
Subfields |
| LEADER |
00000cam a2200000 i 4500 |
| 001 |
in00004541421 |
| 005 |
20200327140615.0 |
| 006 |
m d |
| 007 |
cr cn||||||||| |
| 008 |
160329s2016 iaua ob 001 0 eng |
| 010 |
|
|
|a 2016015089
|
| 035 |
|
|
|a (OCoLC)ocn945730326
|
| 040 |
|
|
|a DLC
|b eng
|e rda
|e pn
|c DLC
|d N$T
|d IDEBK
|d COO
|d N$T
|d OCLCO
|d CUS
|d YDX
|d YDXCP
|d EBLCP
|d OCLCO
|d NLE
|d RECBK
|d CSAIL
|d OCLCO
|d DG1
|d STF
|d OCLCO
|d DG1
|d CHVBK
|d OCLCO
|d DEBSZ
|d MERER
|d OCLCO
|d OCLCQ
|d UAB
|d OCLCO
|d OCLCQ
|d OTZ
|d OCLCQ
|d UPM
|d OCLCO
|d OCLCA
|d OCLCQ
|d OCLCO
|d OCLCF
|d KSU
|d OCLCO
|d OCLCQ
|d OCLCO
|d WYU
|d OCLCO
|d OCLCA
|d TKN
|d CUY
|d U3W
|d ZCU
|d MERUC
|d OCLCQ
|d ICG
|d DKC
|d OCLCQ
|d OCLCO
|d UKAHL
|d UX1
|d OCLCQ
|d VT2
|d OCLCQ
|d OCLCA
|d TMV
|
| 019 |
|
|
|a 954537757
|a 957324734
|a 957683669
|a 957738502
|a 959910585
|a 959911131
|a 1066463310
|a 1100457158
|a 1104671720
|a 1107367747
|
| 020 |
|
|
|a 9781119051152
|q (electronic bk.)
|
| 020 |
|
|
|a 1119051150
|q (electronic bk.)
|
| 020 |
|
|
|a 9781119050797
|q (electronic bk.)
|
| 020 |
|
|
|a 9781119050766
|
| 020 |
|
|
|a 1119050766
|
| 020 |
|
|
|a 1119050790
|q (electronic bk.)
|
| 020 |
|
|
|a 9781119051213
|q (electronic bk.)
|
| 020 |
|
|
|a 1119051215
|q (electronic bk.)
|
| 020 |
|
|
|z 1119051215
|
| 020 |
|
|
|z 9781119051213
|
| 035 |
|
|
|a (OCoLC)945730326
|z (OCoLC)954537757
|z (OCoLC)957324734
|z (OCoLC)957683669
|z (OCoLC)957738502
|z (OCoLC)959910585
|z (OCoLC)959911131
|z (OCoLC)1066463310
|z (OCoLC)1100457158
|z (OCoLC)1104671720
|z (OCoLC)1107367747
|
| 050 |
0 |
0 |
|a SF910.T8
|
| 060 |
|
4 |
|a SF 910.T8
|b K472 2016eb
|
| 049 |
|
|
|a TMVM
|
| 100 |
1 |
|
|a Kiehl, Anita R.,
|e author.
|
| 245 |
1 |
0 |
|a Atlas for the diagnosis of tumors in the dog and cat /
|c Anita R. Kiehl, Maron B. Calderwood Mays.
|
| 264 |
|
1 |
|a Ames, Iowa :
|b Wiley Blackwell,
|c 2016.
|
| 264 |
|
4 |
|c ©2016
|
| 300 |
|
|
|a 1 online resource :
|b color illustrations
|
| 336 |
|
|
|a text
|b txt
|2 rdacontent
|
| 337 |
|
|
|a computer
|b c
|2 rdamedia
|
| 338 |
|
|
|a online resource
|b cr
|2 rdacarrier
|
| 504 |
|
|
|a Includes bibliographical references and index.
|
| 505 |
0 |
|
|a Overview of grading and staging -- Selected lesions of the head and neck -- Selected lesions of the limbs, paws, and digits -- Selected genital and perineal masses -- Selected lesions of the skin and subcutis of the trunk -- Selected lesions of the thoracic viscera -- Selected lesions of the abdominal viscera -- Sample handling.
|
| 588 |
0 |
|
|a Online resource, title from PDF title page (EBSCO), viewed September 15, 2016.
|
| 650 |
|
0 |
|a Tumors
|x Animal models
|v Atlases.
|
| 650 |
|
0 |
|a Tumors in animals
|x Diagnosis.
|
| 650 |
|
2 |
|a Neoplasms
|x veterinary.
|0 (DNLM)D009369Q000662
|
| 650 |
|
2 |
|a Neoplasms
|x diagnosis.
|0 (DNLM)D009369Q000175
|
| 650 |
|
2 |
|a Neoplasms
|x pathology.
|0 (DNLM)D009369Q000473
|
| 650 |
|
2 |
|a Prognosis.
|0 (DNLM)D011379
|
| 650 |
|
2 |
|a Dog Diseases.
|0 (DNLM)D004283
|
| 650 |
|
2 |
|a Cat Diseases.
|0 (DNLM)D002371
|
| 650 |
|
2 |
|a Dogs.
|
| 650 |
|
2 |
|a Cats.
|
| 655 |
|
2 |
|a Atlas.
|0 https://id.nlm.nih.gov/mesh/D020466
|
| 700 |
1 |
|
|a Calderwood Mays, Maron B.,
|e author.
|
| 776 |
0 |
8 |
|i Print version:
|a Kiehl, Anita R.
|t Atlas for the diagnosis of tumors in the dog and cat.
|d Ames, Iowa : John Wiley and Sons, Inc., 2016
|z 9781119051213
|w (DLC) 2016014281
|
| 856 |
4 |
0 |
|u http://proxy.library.tamu.edu/login?url=https://onlinelibrary.wiley.com/doi/book/10.1002/9781119050766
|z Connect to the full text of this electronic book.
|t 0
|
| 999 |
f |
f |
|s 283c1ee0-6c94-3699-ab5b-c4e410e8b390
|i 26ccbeb4-6240-39fb-a3f9-c412f2fac85d
|t 0
|
| 952 |
f |
f |
|a Texas A&M University
|b College Station
|c Electronic Resources
|d Available Online
|t 0
|e SF 910.T8 K472 2016eb
|h National Library of Medicine classification
|
| 998 |
f |
f |
|a SF 910.T8 K472 2016eb
|t 0
|l Available Online
|